000 00574nam a22002057a 4500
003 SEACOMMC
005 20231109084230.0
008 231109b |||||||| |||| 00| 0 eng d
020 _cRs. 295.00
040 _aSEACOMMC
082 _a518.25
_bCHA
100 1 _aChandruptla, Tirupati R.
245 1 _aIntroduction to finite elements in engineering
_cTirupati R. Chandruptla and Asok D. Belegundu
250 _a3rd ed
260 _aNew Delhi
_bPrentice-Hall
_c2004
650 _aMathematics
650 _aNumerical analysis
700 1 _aBelegundu, Asok D.
942 _cBOOK
999 _c329
_d329